01486nam a2200337 a 4500001001200000003000800012006001900020007001500039008004100054010001700095020003600112020002700148040002100175035002100196050002500217082001200242245016700254260006500421300003800486490006000524504005100584505007300635533015200708650002400860650002700884655002900911700001600940710001700956830004900973856012601022ebr10546110CaPaEBRm u cr cn|||||||||111207s2012 ne a sb 001 0 eng d z 2011049417 z9789027241566 (hb : alk. paper) z9789027274915 (e-book) aCaPaEBRcCaPaEBR a(OCoLC)78384272214aP120.M65bM69 2012eb04a40122300aMoving ourselves, moving othersh[electronic resource] :bmotion and emotion in intersubjectivity, consciousness and language /cedited by Ad Foolen ... [et al.]. aAmsterdam :bPhiladelphia :bJohn Benjamins Pub. Co.,c2012. aviii, 492 p. :bill. (some col.).1 aConsciousness & emotion book series,x1566-5836 ;vv. 6 aIncludes bibliographical references and index.0 apt. 1. Consciousness -- pt. 2. Intersubjectivity -- pt. 3. Language. aElectronic reproduction.bPalo Alto, Calif. :cebrary,d2013.nAvailable via World Wide Web.nAccess may be limited to ebrary affiliated libraries. 0aMotion in language. 0aLanguage and emotions. 7aElectronic books.2local1 aFoolen, Ad.2 aebrary, Inc. 0aConsciousness & emotion book series ;vv. 6.40uhttp://site.ebrary.com/lib/rucke/Doc?id=10546110zAn electronic book accessible through the World Wide Web; click to view